Datum a čas kvízu
35
Celkem bodů
Celkový počet nahraných bodů na tomto kvízu bez doplňovacích otázek.
4.
Pořadí na kvízu
Konečné umístění týmu na tomto kvízu.
Zaznamenané odpovědi
| # | Otázka | Odpověď | Body | Výsledky |
|---|---|---|---|---|
| 1. | 15. ledna byl slavnostně otevř... | 0 | ||
| 2. | Aplikace, jejíž logo vidíte na... | 1 | ||
| 3. | Ve středu 17. ledna byly oznám... | 0 | ||
| 4. | Britové na sociálních sítích k... | 0 | ||
| 5. | Její start poutal hodně pozorn... | 1 | ||
| 6. | Abychom se mohli ohřát u ohně,... | 0 | ||
| 7. | Firework, tedy Ohňostroj, je h... | 1 | ||
| 8. | Olympijský oheň je jedním ze z... | 1 | ||
| 5. | Napište název jevu související... | 1 | ||
| 5. | Ohníček byl časopis pro děti a... | 0 |